Fashion business and digital transformation : (Record no. 31166)

MARC details
000 -LEADER
fixed length control field 02793nam a2200349 i 4500
001 - CONTROL NUMBER
control field R9781003364559
001 - CONTROL NUMBER
control field 9781003364559
003 - CONTROL NUMBER IDENTIFIER
control field EG-ScBUE
005 - DATE AND TIME OF LATEST TRANSACTION
control field 20260405123838.0
008 - FIXED-LENGTH DATA ELEMENTS--GENERAL INFORMATION
fixed length control field 240521s2024 nyu f b 001 0 eng d
020 ## - INTERNATIONAL STANDARD BOOK NUMBER
Cancelled/invalid ISBN 9781032428475
035 ## - SYSTEM CONTROL NUMBER
System control number 9781003364559
040 ## - CATALOGING SOURCE
Original cataloging agency NhCcYBP
Language of cataloging eng
Description conventions rda
Transcribing agency NhCcYBP
Modifying agency EG-ScBUE
082 04 - DEWEY DECIMAL CLASSIFICATION NUMBER
Classification number 687.0688
Edition number 22
Item number GAL
100 1# - MAIN ENTRY--PERSONAL NAME
Personal name Gallery, Charlene,
Relator term author.
245 10 - TITLE STATEMENT
Title Fashion business and digital transformation :
Remainder of title technology and innovation across the fashion industry /
Statement of responsibility, etc Charlene Gallery and Jo Conlon.
264 #1 - PUBLICATION, DISTRIBUTION, ETC. (IMPRINT)
Place of publication, distribution, etc Abingdon, Oxon ;
-- New York, NY :
Name of publisher, distributor, etc Routledge,
Date of publication, distribution, etc 2024.
300 ## - PHYSICAL DESCRIPTION
Extent xiii, 292 pages :
Other physical details illustrations ;
Dimensions 24 cm.
336 ## - CONTENT TYPE
Content type term text
Content type code txt
Source rdacontent
337 ## - MEDIA TYPE
Media type term computer
Media type code c
Source rdamedia
338 ## - CARRIER TYPE
Carrier type term online resource
Carrier type code cr
Source rdacarrier
490 0# - SERIES STATEMENT
Series statement Mastering fashion management
504 ## - BIBLIOGRAPHY, ETC. NOTE
Bibliography, etc Includes bibliographical references and index.
520 ## - SUMMARY, ETC.
Summary, etc "Fashion Business and Digital Transformation provides a practical and holistic overview of the fashion industry and the key technologies impacting the fashion supply chain. It covers product design and development, production, sales and customer experiences in physical, online and virtual environments. The key technologies impacting the ecosystem are explored, including Artificial Intelligence, Virtual Reality, Augmented Reality, Digital Fashion Design, NFTs, 3D textiles, and Blockchain. Strategic concepts such as 'Retail-tainment', 'Phy-gital', Gamification and A-commerce, are analysed, alongside the effect of these key strategies for both the retailer and the customer. Theoretical foundations are supported by extensive use of examples, interviews and case studies drawn from a wide range of global fashion disrupters and cutting-edge brands. Engaging activities, exercises, and technical step-by-step guides are incorporated throughout, which will both consolidate how technology is driving change in the industry, but also equip the reader with the key skills and digital literacy capabilities required by future practitioners. Online resources include chapter-by-chapter PowerPoint slides, a test bank and links to further resources. This examination of the digital transformation of the fashion industry will be essential reading for advanced undergraduate and postgraduate students of Fashion Management, Fashion Business and Fashion Technology"--
Assigning source Provided by publisher.
545 0# - BIOGRAPHICAL OR HISTORICAL DATA
Biographical or historical note Charlene Gallery is a Reader at the University of Manchester, UK. Jo Conlon is a Senior Lecturer at the University of Manchester, UK.
650 #7 - SUBJECT ADDED ENTRY--TOPICAL TERM
Topical term or geographic name as entry element Clothing trade.
Source of heading or term BUEsh
650 #7 - SUBJECT ADDED ENTRY--TOPICAL TERM
Topical term or geographic name as entry element Clothing trade
General subdivision Technological innovations.
Source of heading or term BUEsh
653 ## - INDEX TERM--UNCONTROLLED
Arrived date list April2026
Resource For college Arts and Design
655 ## - INDEX TERM--GENRE/FORM
Form subdivision Reading book
700 1# - ADDED ENTRY--PERSONAL NAME
Personal name Conlon, Jo,
Relator term author.
942 ## - ADDED ENTRY ELEMENTS (KOHA)
Source of classification or shelving scheme Dewey Decimal Classification
Koha item type Book - Borrowing
Holdings
Withdrawn status Lost status Source of classification or shelving scheme Damaged status Not for loan Collection code Home library Current library Shelving location Date acquired Source of acquisition Cost, normal purchase price Serial Enumeration / chronology Total Checkouts Full call number Barcode Date last seen Cost, replacement price Price effective from Koha item type
    Dewey Decimal Classification     Baccah Central Library Central Library First floor 05/04/2026 Purchase 3096.00 40179   687.0688 GAL 000057578 05/04/2026 3807.50 05/04/2026 Book - Borrowing